000
00318nam a2200121Ia 4500
008
190216s9999||||xx |||||||||||||| ||und||
100
_a
"Musakin A ,khrapkobsky A & Shaikind"
245
0
_a
Problems In Quantitative Analysis
260
_b
Mir Pubs Moscow
_c
1975
300
_a
395p
650
_a
Chemistry
942
_c
BK
999
_c
2138
_d
2138